Vida y hechos del Ingenioso Caballero Don Quixote de la Mancha (Record no. 2163)

MARC details
000 -CABECERA
campo de control de longitud fija 01829nam a2200325 a 4500
001 - NÚMERO DE CONTROL
campo de control BRCA_2422
005 - FECHA Y HORA DE LA ÚLTIMA TRANSACCIÓN
campo de control 20190320203812.0
008 - DATOS DE LONGITUD FIJA--INFORMACIÓN GENERAL
campo de control de longitud fija 131108s1771----sp-a---###---#000-0dspa-u
041 ## - CÓDIGO DE LENGUA
Código de lengua del texto/banda sonora o título independiente spa
044 ## - CÓDIGO DEL PAÍS DE LA ENTIDAD EDITORA/PRODUCTORA
Código MARC del país sp
084 ## - OTRO NÚMERO DE CLASIFICACIÓN
Número de clasificación 063
Número de documento/Ítem .I23
-- 1771
100 1# - ENTRADA PRINCIPAL--NOMBRE DE PERSONA
Nombre de persona Cervantes Saavedra, Miguel de
Fechas asociadas al nombre 1547-1616
9 (RLIN) 213
245 10 - MENCIÓN DE TÍTULO
Título Vida y hechos del Ingenioso Caballero Don Quixote de la Mancha
Mención de responsabilidad, etc. compuesto por Miguel de Cervantes Saavedra.
260 ## - PUBLICACIÓN, DISTRIBUCIÓN, ETC.
Lugar de publicación, distribución, etc. Madrid
Nombre del editor, distribuidor, etc. Joachin de Ibarra
Fecha de publicación, distribución, etc. 1771
300 ## - DESCRIPCIÓN FÍSICA
Extensión 4 v.
Otras características físicas il.
Dimensiones 18 cm.
500 ## - NOTA GENERAL
Nota general Contenido : v 1. Primera parte. Dedicatoria de Cide Hamete Benengeli a D. Quijote. Versos preliminares. Prólogo del autor. Vida de Cervantes por G. Mayánes. Texto. -- v 2. Texto. -- v 3. Segunda parte. Composiciones poéticas atribuidas a Diego Torres Villaroel. Aprobación. Prólogo del autor. Texto. -- v 4. Texto
500 ## - NOTA GENERAL
Nota general Edición : Nueva edición corregida e ilustrada con varias láminas finas y la vida del autor
500 ## - NOTA GENERAL
Nota general Hermosa edición, más perfecta por lo que concierne a la parte tipografica que a la literaria, en la cuál se introdujeron las censurables adiciones de la edición de 1730. Las láminas de mediana calidad están dibujadas por J. Camarón y grbadas por M. Monfort. Piel; nervios dorados Lúdovik Osterc
500 ## - NOTA GENERAL
Nota general Con ex-libris de: Sir Windham Dalling
500 ## - NOTA GENERAL
Nota general QM51
650 14 - PUNTO DE ACCESO ADICIONAL DE MATERIA--TÉRMINO DE MATERIA
Término de materia o nombre geográfico como elemento de entrada Novela española
Subdivisión cronológica Época clásica, 1500-1700
9 (RLIN) 215
650 14 - PUNTO DE ACCESO ADICIONAL DE MATERIA--TÉRMINO DE MATERIA
Término de materia o nombre geográfico como elemento de entrada Literatura española
Subdivisión cronológica Época clásica, 1500-1700
9 (RLIN) 216
650 14 - PUNTO DE ACCESO ADICIONAL DE MATERIA--TÉRMINO DE MATERIA
Término de materia o nombre geográfico como elemento de entrada Novela española
Subdivisión cronológica Siglo XVII
9 (RLIN) 217
650 14 - PUNTO DE ACCESO ADICIONAL DE MATERIA--TÉRMINO DE MATERIA
Término de materia o nombre geográfico como elemento de entrada Don Quijote (Personaje ficticio)
Término indicativo de función/relación Novela
9 (RLIN) 218
700 1# - PUNTO DE ACCESO ADICIONAL--NOMBRE DE PERSONA
Nombre de persona Mayáns I Síscar, Gregorio
Fechas asociadas al nombre 1699-1781
Término indicativo de función/relación Biógrafo
9 (RLIN) 7104
700 1# - PUNTO DE ACCESO ADICIONAL--NOMBRE DE PERSONA
Nombre de persona Camarón Boronat, José
Fechas asociadas al nombre 1730-1803
Término indicativo de función/relación Ilustrador
9 (RLIN) 7105
740 0# - PUNTO DE ACCESO ADICIONAL--TÍTULO RELACIONADO O ANALÍTICO NO CONTROLADO
Título relacionado o analítico no controlado El Ingenioso Hidalgo Don Quijote de la Mancha
902 ## - CATALOGADOR
Iniciales QFM
942 ## - ELEMENTOS DE PUNTO DE ACCESO ADICIONAL (KOHA)
Fuente del sistema de clasificación o colocación Library of Congress Classification
Tipo de ítem Koha Libros
Holdings
Estado de retiro Estado de pérdida Estado dañado No para préstamo Localización permanente Ubicación/localización actual Fecha de adquisición Número de inventario Total de préstamos Signatura topográfica completa Código de barras Fecha visto por última vez Precio válido a partir de Tipo de ítem Koha
El ejemplar forma parte de la colección y puede ser consultado según las políticas vigentes.       Biblioteca del Museo Franz Mayer (Rogerio Casas-Alatriste) Biblioteca del Museo Franz Mayer (Rogerio Casas-Alatriste) 13/11/2008 QM51   063 .I23 1771 (QM51) 2419 22/03/2019 22/03/2019 Libros